Comportamientos alarmantes infantiles y juveniles (Registro nro. 687)

Detalles MARC
000 -Cabecera
Campo de control de longitud fija 01650aam a2200637 4500
005 - Fecha y hora de la última transacción
Campo de control 20260324191932.0
008 - Elementos de longitud fija--Información general
Campo de control de longitud fija 150831b2012 xxu||||| |||| 00| 0 spa d
020 ## - International Standard Book Number
Número Internacional Estándar del Libro (ISBN) 9786074360226
041 ## - Idioma
Código de idioma Español
082 ## - Clasificación Decimal Dewey
Número de clasificación 364.36 M977c
100 ## - Entrada principal--Autor personal
Nombre personal Muriel Suárez, Sofía
9 (RLIN) 8580
100 ## - Entrada principal--Autor personal
Nombre personal Aguirre López, Mónica
9 (RLIN) 8582
100 ## - Entrada principal--Autor personal
Nombre personal Varela Hidalgo, Carolina
9 (RLIN) 8581
100 ## - Entrada principal--Autor personal
Nombre personal Cruz Ruiz, Sergio
9 (RLIN) 20677
245 ## - Título propiamente dicho
Título Comportamientos alarmantes infantiles y juveniles
260 ## - Pie de imprenta
Lugar de publicación, distribución, etc. México
260 ## - Pie de imprenta
Nombre del editor, distribuidor, etc. Euromexico
260 ## - Pie de imprenta
Fecha de publicación, distribución, etc. 2012
300 ## - Descripción física
Extensión 300 páginas
490 ## - Serie
Título de la Serie Investigación Criminal
505 ## - Nota de contenido
Nota de contenido Contiene disco compacto N° 297
650 ## - Materia general
Temática (materia general) CONDUCTAS DELICTIVAS
650 ## - Materia general
Temática (materia general) COMPORTAMIENTO HUMANO
650 ## - Materia general
Temática (materia general) ABORTO
650 ## - Materia general
Temática (materia general) ALCOHOLISMO
650 ## - Materia general
Temática (materia general) ANOREXIA
650 ## - Materia general
Temática (materia general) DROGADICCIÓN
650 ## - Materia general
Temática (materia general) PSICOSIS
650 ## - Materia general
Temática (materia general) METROSEXUALES
650 ## - Materia general
Temática (materia general) ABUSO SEXUAL
650 ## - Materia general
Temática (materia general) ADICCIÓN A LA TELEVISIÓN
650 ## - Materia general
Temática (materia general) ADICCIÓN AL INTERNET
650 ## - Materia general
Temática (materia general) AGRESIVIDAD
650 ## - Materia general
Temática (materia general) SUICIDIO
650 ## - Materia general
Temática (materia general) ANSIEDAD
650 ## - Materia general
Temática (materia general) ESTRÉS
650 ## - Materia general
Temática (materia general) VIGOREXIA
650 ## - Materia general
Temática (materia general) ESTIMULACIÓN TEMPRANA
650 ## - Materia general
Temática (materia general) PROMISCUIDAD
650 ## - Materia general
Temática (materia general) TRASTORNO BIPOLAR
650 ## - Materia general
Temática (materia general) CONDUCTA DISOCIAL
650 ## - Materia general
Temática (materia general) ORTOREXIA
650 ## - Materia general
Temática (materia general) INSOMNIO
650 ## - Materia general
Temática (materia general) HOMOSEXUALISMO
650 ## - Materia general
Temática (materia general) PORNOGRAFIA
650 ## - Materia general
Temática (materia general) TABAQUISMO
650 ## - Materia general
Temática (materia general) DEPRESIÓN
650 ## - Materia general
Temática (materia general) AUTISMO
650 ## - Materia general
Temática (materia general) PARÁLISIS CEREBRAL
650 ## - Materia general
Temática (materia general) SUPERDOTADOS
650 ## - Materia general
Temática (materia general) TRIBUS URBANAS
650 ## - Materia general
Temática (materia general) PUNKS
650 ## - Materia general
Temática (materia general) FOBIAS
650 ## - Materia general
Temática (materia general) PROSTITUCIÓN
942 ## - Punto de acceso adicional KOHA
Tipo de ítem KOHA Libro
Fuente del sistema de clasificación o colocación Dewey Decimal Classification
Existencias
Signatura completa Código de barras Programa Académico Tipo de ítem
364.36 M977c 16558 Investigación Criminal Libro
364.36 M977c 297DC Investigación Criminal Disco Compacto